Tilastot visalle Kiinan naapurimaiden liput

Klikkaa tästä pelataksesi tätä visaa!

Yleistilastot

  • Tätä visaa on pelattu 1 378 kertaa
  • Keskiarvotulos 11 / 14

Vastaustilastot

Vastaus% Oikein
Venäjä
99%
Intia
98%
Nepal
94%
Pohjois-Korea
85%
Vietnam
85%
Kazakstan
83%
Pakistan
80%
Bhutan
78%
Laos
74%
Mongolia
72%
Afganistan
67%
Kirgisia
64%
Myanmar
63%
Tadžikistan
52%

Tulosjakauma

Persentiili vastausten määrän mukaan

Jokaisen tuloksen saaneiden osuus

Tuloshistoriasi

Et ole pelannut tätä visaa